| 000 | 01156 a2200265 4500 | ||
|---|---|---|---|
| 999 |
_c3412 _d3412 |
||
| 020 | _a0080369790 : | ||
| 050 | 0 | 0 | _aQ 325 KAM 1991 |
| 100 | 1 |
_aKampis, George. _eauthor |
|
| 245 | 1 | 0 |
_aSelf-modifying systems in biology and cognitive science : _ba new framework for dynamics, information, and complexity / _cGeorge Kampis. |
| 250 | _a1st ed. | ||
| 264 |
_aOxford : _bPergamon Press _c1991 |
||
| 300 |
_axix, 543 p. : _bill. ; |
||
| 440 | 0 | _aIFSR international series on systems science and engineering ; | |
| 500 | _aIncludes bibliographical references and indexes. | ||
| 504 | _aIncludes bibliographical references (p. 491-517) and indexes. | ||
| 650 | 0 | _aSelf-organizing systems. | |
| 650 | 0 | _aMathematical models. | |
| 650 | 0 | _aComputational complexity. | |
| 650 | 0 | _aControl theory. | |
| 650 | 0 | _aBiology. | |
| 650 | 0 | _aInformation theory. | |
| 856 | 4 | 2 |
_3Publisher description _uhttp://www.loc.gov/catdir/enhancements/fy0602/91007617-d.html |
| 942 |
_2lcc _cBK _h325 _iKAM _kQ |
||